1072 1238 1676 1449 1048 1954 1618 1125 1592 1262 1377 1792 1597 1004 1877 1482 1761 1487 1629 1375 1943 1973 1220 1386 1014 1085 1206 1932 1617 1585 1007 1443 1787 1205 1867 1093 1909 1371 1164 1941 1405 1571 1903 1414 1439 1012 1064 1214 1386 1266 2000 1063 1426 1036 1190 1770 1003 1206 1843 1425 1618 1729 1895 1534 1363 1535 1160 1270 1031 1176 1285 1818 1286 1194 1644 1411 1057 1945 1083 1233 1279 1810 1365 1025 1388 1620 1148 1961 1462 1564 1775 1367 1115 1785 1790 1646 1785 1508 1536 BCNSPRNW ULIB Ver.6.0+V

เปลี่ยนเป็นภาษาไทย

Change to English
 แสดงรายละเอียดบรรณานุกรม
  กลับหน้าหลัก

Brief Record : Get Marc (ISO 2709) : E-mail record : QR code < ปิดหน้าต่าง
LEADER : 00000nam 2200000uu 4500
001    13399113621
003     ULIB
008    111124s2551||||th 000 0 tha d
020    ^a9789740627654
090    ^aนว.^bช574ว 2551
100 0  ^aชิโนทัย
245 00 ^aวุ่นรักยกกำลังสอง/^cชิโนทัย
250    ^aพิมพ์ครั้งที่ 1
260    ^aกรุงเทพฯ :^bศรีสยาม,^c2551
300    ^a228 หน้า
710 1  ^aศรีสยาม
945    ^p140^l0^i15308
995    ^aทศพร
999    ^aใช้งานได้ทุกระบบ
รายการนี้ยังไม่มีแท็ก
คุณยังไม่ได้ล็อกอิน คุณสามารถมีกิจกรรมร่วมกับเว็บไซต์ได้ แต่ต้องล็อกอินก่อน ::
  ล็อกอิน

รายการสื่อสารสนเทศ

ลำดับที่ ประเภท เลขเรียก/บาร์โค้ด สถานที่ สถานะ
1. นวนิยาย
นวนิยาย
นว. ช574ว 2551 ฉ.1 
  Barcode: 15308
ห้องสมุดวิทยาเขตสวรรค์ประชารักษ์
►นวนิยาย
บนชั้น
  ขอยืม

BibComment


ยังไม่เคยถูกคอมเมนท์

คอมเมนท์ทรัพยากรรายการนี้
  คอมเมนท์: วุ่นรักยกกำลังสอ..


 Copyright 2026. Bcnsprnw @Library